[Event "Julian Mazur Memorial"]
[Site "Wellington Chess Club"]
[Date "2017.08.03"]
[Round "3.05"]
[White "Aldridge, Alan"]
[Black "Nyberg, Michael"]
[Result "0-1"]
[WhiteElo "1936"]
[BlackElo "2101"]

1. d4 d5 2. c4 c6 3. Nc3 Nf6 4. Nf3 e6 5. Bg5 dxc4 6. e4 b5 7. e5 h6 8. Bh4 g5
9. Nxg5 hxg5 10. Bxg5 Nbd7 11. g3 Nxe5 12. dxe5 Qxd1+ 13. Rxd1 Nd5 14. Bg2 Bb7
15. O-O Bg7 16. Rfe1 Rh5 17. f4 Bf8 18. Ne4 Rh8 19. Nd6+ Bxd6 20. exd6 Kd7 21.
f5 Rae8 22. fxe6+ fxe6 23. Bxd5 cxd5 24. Bf4 Rhf8 25. Be5 Rf5 26. Rd4 Ref8 27.
Rf4 a5 28. a3 Rxf4 29. Bxf4 d4 30. Re5 Bc6 31. Rg5 Rf7 32. h4 d3 33. Kf2 Bd5
34. Ke3 b4 35. axb4 axb4 36. h5 b3 37. Kd2 e5 38. Rxe5 Kxd6 39. Rg5+ Kc5 40.
Be3+ Kd6 41. h6 Ke6 42. Bd4 Kd6 43. g4 Re7 44. Re5 Rh7 45. Rh5 Be4 46. Bg7 Bf3
47. Rh4 Bd5 48. g5 Bf7 49. Rf4 Ke7 50. Rf6 Bd5 51. Ra6 Be4 52. g6 {Alan was
late, Michael had just packed up the pieces when he arrived. After Michael lost
over the board, he decided to take the default win anyway} 0-1

[Event "Julian Mazur Memorial"]
[Site "Wellington Chess Club"]
[Date "2017.08.03"]
[Round "3.06"]
[White "Wastney, Scott"]
[Black "Thorpe, Richard"]
[Result "1-0"]
[WhiteElo "2391"]
[BlackElo "1632"]

1. e4 e5 2. Nf3 Nc6 3. Bb5 a6 4. Ba4 d6 5. O-O Be7 6. d4 Bd7 7. c4 exd4 8. Nxd4
b5 9. cxb5 Nxd4 10. Qxd4 Bf6 11. Qc4 axb5 12. Bxb5 Rb8 13. Nc3 Ne7 14. Bxd7+
Qxd7 15. Rb1 O-O 16. Be3 Rb7 17. Bd4 Qe6 18. Qxe6 fxe6 19. Bxf6 Rxf6 20. b3 d5
21. Rfd1 c6 22. Rbc1 Rd7 23. exd5 exd5 24. Ne4 Rg6 25. Nc5 Ra7 26. a4 Kf7 27.
Rc3 Ke8 28. Re3 Kd8 29. Re5 Nc8 30. Ne6+ Rxe6 31. Rxe6 Kd7 32. Re3 Kd6 33. f4
Kc5 34. Re6 Rc7 35. Rc1+ Kb6 36. b4 Ne7 37. Rc5 g6 38. Kf2 Nf5 39. Rxd5 1-0

[Event "Julian Mazur Memorial"]
[Site "Wellington Chess Club"]
[Date "2017.08.03"]
[Round "3.07"]
[White "Winter, Ryan"]
[Black "Forster, Bill"]
[Result "1/2-1/2"]
[WhiteElo "1711"]
[BlackElo "2093"]

1. e4 d6 2. d4 Nf6 3. Nc3 c6 4. Nf3 Bg4 5. Be2 Nbd7 6. O-O e5 7. Be3 Be7 8. a4
O-O 9. h3 Bxf3 10. Bxf3 Qc7 11. Qd2 Rfe8 12. Be2 Rad8 13. Bc4 Nb6 14. Bb3 d5
15. dxe5 Nxe4 16. Nxe4 dxe4 17. Bxb6 axb6 18. Qf4 Bf6 19. Qxe4 Bxe5 20. Qb4 Bd4
21. a5 Qf4 22. c3 c5 23. Qc4 b5 24. Qxb5 Be5 25. g3 Qf3 26. Rae1 Kf8 27. Qxc5+
Bd6 28. Rxe8+ Kxe8 29. Qe3+ Qxe3 30. fxe3 f6 31. Kg2 Bc7 32. Rd1 Rxd1 33. Bxd1
Bxa5 34. Kf3 Bc7 35. Bc2 Kf7 36. g4 h6 37. Be4 b6 38. Bd5+ Kg6 39. Ke4 h5 40.
Be6 hxg4 41. Bxg4 Kf7 42. Kd5 Ke7 43. Kc6 Bd8 44. b4 g6 45. e4 Ke8 46. c4 Be7
47. c5 bxc5 48. bxc5 Kd8 (48... f5 $1 49. exf5 gxf5 50. Bxf5 Bxc5 $1 {Startles
the engine, but is the principled way to force the draw} ) 49. Kb6 Bf8 50. Kc6
Be7 51. Kd5 Kc7 52. Ke6 Bd8 53. Kd5 Be7 54. Ke6 Bd8 55. Kd5 1/2-1/2

[Event "Julian Mazur Memorial"]
[Site "Wellington Chess Club"]
[Date "2017.08.03"]
[Round "3.08"]
[White "Van der Anker, Juan"]
[Black "Stoeveken, Peter"]
[Result "0-1"]
[WhiteElo "1444"]
[BlackElo "1849"]

1. d4 Nf6 2. c4 e6 3. Nf3 c5 4. d5 Be7 5. Nc3 exd5 6. cxd5 d6 7. e4 Bg4 8. Be2
Nbd7 9. O-O O-O 10. Re1 a6 11. a4 Re8 12. Qc2 Bh5 13. h3 Bf8 14. b3 Bg6 15. Bd3
Bh5 16. Be2 Bg6 17. Bd3 Bh5 18. Be2 Rc8 19. Bb2 c4 20. b4 Bg6 21. Nd2 Qb6 22.
Nxc4 Qc7 23. Bd3 Nb6 24. Nd2 Qd7 25. a5 Na8 26. Rac1 Re7 27. Qb1 Rce8 28. Bc2
Nc7 29. f3 Nb5 30. Ba4 Nxc3 31. Bxd7 Nxb1 32. Nxb1 Rxd7 33. Nc3 Rc7 34. Re3 Nd7
35. Ree1 f6 36. Ne2 Rec8 37. Nc3 Ne5 38. Re3 Nc4 0-1

[Event "Julian Mazur Memorial"]
[Site "Wellington Chess Club"]
[Date "2017.08.03"]
[Round "3.09"]
[White "Stone, Andrew"]
[Black "Wight, Joshua"]
[Result "1-0"]
[WhiteElo "2113"]
[BlackElo "1609"]

1. e4 b6 2. d4 Bb7 3. Nc3 e6 4. Be3 Bb4 5. f3 Ba6 6. Ne2 Qc8 7. a3 Be7 8. d5 d6
9. Nd4 Bxf1 10. Rxf1 c5 11. dxc6 Nxc6 12. Ndb5 Qd7 13. Qd2 Nf6 14. O-O-O Rd8
15. Bf4 e5 16. Be3 O-O 17. Nd5 Nxd5 18. Qxd5 Qb7 19. Nxa7 Qxa7 20. Qxc6 Rb8 21.
Rd5 Rfc8 22. Qb5 Qc7 23. Rf2 h6 24. Rfd2 Qc6 25. Kb1 Qc4 26. Qxc4 Rxc4 27. Rb5
Rc6 28. g3 Bd8 29. a4 Bc7 30. Rdd5 Rf8 31. g4 g5 32. Rd3 Ra8 33. b3 f6 34. Kb2
Kf7 35. Rc3 Rxc3 36. Kxc3 Rb8 37. Kc4 Ke6 38. a5 bxa5 39. Rxb8 Bxb8 40. Bb6 1-0

[Event "Julian Mazur Memorial"]
[Site "Wellington Chess Club"]
[Date "2017.08.03"]
[Round "3.10"]
[White "Sole, Michael"]
[Black "Coghini, Phillip"]
[Result "1/2-1/2"]
[WhiteElo "1727"]
[BlackElo "1888"]

1. e4 e5 2. Nf3 Nc6 3. Bb5 a6 4. Ba4 Nf6 5. d3 b5 6. Bb3 Bc5 7. c3 Bb6 8. O-O
d6 9. h3 h6 10. Nbd2 O-O 11. a4 Bb7 12. Re1 Re8 13. Nf1 d5 14. exd5 Nxd5 15.
Ng3 Nf6 16. Be3 e4 17. dxe4 Nxe4 18. Nxe4 Rxe4 19. Bxb6 Rxe1+ 20. Qxe1 cxb6 21.
axb5 Na5 22. Rd1 Qf6 23. Bd5 Bxd5 24. Rxd5 axb5 25. Qe5 Qg6 26. Qf5 Qxf5 27.
Rxf5 Nc4 28. Rxb5 Ra1+ 29. Kh2 Rb1 30. Rb4 b5 31. Rxb5 Rxb2 32. Rxb2 Nxb2 33.
Kg3 Kf8 34. Nd2 Ke7 35. Kf3 Kd6 36. Ke2 Kd5 37. f4 g5 38. fxg5 hxg5 39. Nf3 f6
40. h4 gxh4 41. Nxh4 1/2-1/2

[Event "Julian Mazur Memorial"]
[Site "Wellington Chess Club"]
[Date "2017.08.03"]
[Round "3.11"]
[White "Darr, Samuel"]
[Black "Barraza, Jesse"]
[Result "0-1"]
[WhiteElo "1444"]
[BlackElo "1890"]

1. e4 c5 2. Nf3 e6 3. d4 cxd4 4. Nxd4 Nc6 5. Be3 Nf6 6. Nc3 Bb4 7. Qd2 Nxe4 8.
Nxc6 dxc6 9. Qxd8+ Kxd8 10. O-O-O+ Nd6 11. Ne4 $2 (11. Bf4 $1 Ke7 12. a3 $18)
11... Ke7 12. c3 Nxe4 13. cxb4 b6 14. g3 Nf6 15. Bg2 Nd5 16. b5 Bd7 17. Rhe1
Nxe3 18. Rxe3 Rac8 19. bxc6 Bxc6 20. Bxc6 Rxc6+ 21. Kb1 Rhc8 22. Red3 R8c7 23.
a3 Rc2 24. Rd7+ Rxd7 25. Rxd7+ Kxd7 26. Kxc2 Kd6 27. Kb3 Kd5 28. Kb4 a6 29. a4
Kd4 30. a5 b5 31. b3 g5 32. h3 f5 33. Ka3 Kc3 34. Ka2 e5 35. Ka3 f4 36. g4 e4
37. h4 gxh4 38. g5 h3 39. g6 hxg6 40. f3 e3 41. b4 e2 42. Ka2 e1=R 43. Ka3 Ra1#
0-1

[Event "Julian Mazur Memorial"]
[Site "Wellington Chess Club"]
[Date "2017.08.03"]
[Round "3.12"]
[White "Sknar, Andrew"]
[Black "Benitez, Edgar"]
[Result "0-1"]
[WhiteElo "1276"]
[BlackElo "1850"]

1. e4 e5 2. Nf3 Nc6 3. Bc4 Bc5 4. d3 Nf6 5. h3 h6 6. O-O O-O 7. Bd5 d6 8. Qe2
Nxd5 9. exd5 Ne7 10. Nc3 f5 11. Be3 Bb4 12. d4 e4 13. Nd2 Bxc3 14. bxc3 f4 15.
Nxe4 fxe3 16. Qxe3 Nxd5 17. Qd3 Nf4 18. Qe3 Bd7 19. Ng3 Bc6 20. f3 Qg5 21. Qf2
Nxh3+ 22. gxh3 Rxf3 23. Qxf3 Bxf3 24. Rxf3 Re8 25. Rb1 b6 26. Kf1 Qa5 27. Kg1
{Something like that. Black won in 58 moves} 0-1

[Event "Julian Mazur Memorial"]
[Site "Wellington Chess Club"]
[Date "2017.08.03"]
[Round "3.13"]
[White "Mullan, Brett"]
[Black "He, Caleb"]
[Result "1-0"]
[WhiteElo "1800"]
[BlackElo "1416"]

1. e4 c5 2. Nf3 Nc6 3. d4 cxd4 4. Nxd4 g6 5. Nc3 Bg7 6. Be3 d6 7. Be2 Nf6 8.
O-O O-O 9. Qd2 a6 10. f3 Qc7 11. a3 Bd7 12. Rad1 Rfd8 13. Nb3 Rac8 14. Kh1 Be6
15. Nd4 Bd7 16. f4 Bg4 17. Nf3 Be6 18. h3 d5 19. exd5 Nxd5 20. Nxd5 Rxd5 21.
Qc1 Rcd8 22. Rxd5 Rxd5 23. Ng5 Qd7 24. Nxe6 fxe6 25. Bf3 Rd6 26. c3 e5 27. Bg4
Qd8 28. Rd1 Rxd1+ 29. Qxd1 Qxd1+ 30. Bxd1 exf4 31. Bxf4 Kf7 32. Bf3 e5 33. Bxc6
bxc6 34. Be3 Ke6 35. Kg1 e4 36. Kf2 Be5 37. Ke2 Kd5 38. Kd2 h5 39. Kc2 Bf6 40.
b3 g5 41. c4+ Kd6 42. g4 hxg4 43. hxg4 c5 44. b4 Bd4 45. Bxg5 cxb4 46. axb4 Kc6
47. Bd2 Kb6 48. g5 e3 49. Bc3 1-0

[Event "Julian Mazur Memorial"]
[Site "Wellington Chess Club"]
[Date "2017.08.03"]
[Round "3.14"]
[White "Chen, Wei Kai"]
[Black "De Briey, Aurian"]
[Result "1-0"]
[WhiteElo "1732"]
[BlackElo "1300"]

1. e4 c6 2. d4 d5 3. e5 Bf5 4. Nf3 e6 5. Bd3 Bxd3 6. Qxd3 c5 7. O-O Nc6 8. c3
c4 9. Qe3 Qb6 10. Qg5 g6 11. Qg4 Nh6 12. Qh3 Nf5 13. Nbd2 Bg7 14. b3 cxb3 15.
axb3 O-O 16. Ba3 Rfe8 17. Bc5 Qb5 18. c4 dxc4 19. bxc4 Qb2 20. Rab1 Qc3 21. Rb3
Qc2 22. Rxb7 Nfxd4 23. Rxf7 h6 24. Rd7 Rad8 25. Rxd8 Rxd8 26. Nxd4 Qxd2 27.
Nxc6 Re8 28. Bd6 Qc3 29. Qxc3 1-0

[Event "Julian Mazur Memorial"]
[Site "Wellington Chess Club"]
[Date "2017.08.03"]
[Round "3.15"]
[White "He, Paul"]
[Black "Stracy, Don"]
[Result "0-1"]
[WhiteElo "1051"]
[BlackElo "1731"]

1. e4 c5 2. Nf3 e6 3. c3 Nf6 4. Qc2 Nc6 5. d4 cxd4 6. cxd4 Nb4 7. Qe2 b6 8. a3
Ba6 9. Qd2 Nxe4 10. Qd1 Bxf1 11. Kxf1 Nd5 12. Ke2 Be7 13. Re1 O-O 14. Kf1 Nef6
15. Nc3 Qc7 16. Nxd5 Nxd5 17. Bd2 Qc4+ 18. Kg1 Qa6 19. Rc1 Rac8 20. Re2 Rxc1
21. Bxc1 Rc8 22. Rc2 Qb7 23. Rxc8+ Qxc8 24. Qd3 Qxc1+ 0-1

[Event "Julian Mazur Memorial"]
[Site "Wellington Chess Club"]
[Date "2017.08.03"]
[Round "3.17"]
[White "Hall, Nathan"]
[Black "Dixon, Hamish"]
[Result "0-1"]
[WhiteElo "1200"]
[BlackElo "1697"]

1. e4 c5 2. Nc3 Nc6 3. d3 d6 4. f4 Nf6 5. Be2 g6 6. Nf3 Nd4 7. O-O Bg7 8. Bd2
O-O 9. e5 dxe5 10. fxe5 Nxe2+ 11. Qxe2 Nd5 12. Rad1 h6 13. d4 cxd4 14. Nxd4 Qa5
15. Ndb5 Qb6+ 16. Kh1 Be6 17. Na4 Qc6 18. Nac3 Nxc3 19. Bxc3 Bc4 20. Qf2 Qxb5
21. Rfe1 a6 22. a3 Rad8 23. Rxd8 Rxd8 24. h3 Be6 25. Qh4 Kf8 26. Bb4 Rd7 27. a4
Qc4 28. Re4 Rd1+ 29. Be1 Qf1+ 30. Kh2 Bd5 31. Qg4 Qf5 32. Qxd1 Qxe4 33. Qd2
Bxe5+ 34. Bg3 Bxg3+ 35. Kxg3 g5 36. b3 Qf4+ 37. Qxf4 gxf4+ 38. Kf2 e5 39. c4
Bc6 40. a5 e4 41. b4 e3+ 42. Kf1 Ke7 43. h4 Kd6 44. h5 Ke5 45. c5 Kd4 46. b5
Bxb5+ 47. Ke1 e2 48. c6 bxc6 0-1

[Event "Julian Mazur Memorial"]
[Site "Wellington Chess Club"]
[Date "2017.08.03"]
[Round "3.18"]
[White "Stannard, Bobby"]
[Black "Asher, Bruce"]
[Result "0-1"]
[WhiteElo "1481"]
[BlackElo "1258"]

1. e4 c5 2. Nf3 Nc6 3. d4 e6 4. b3 Nf6 5. Nc3 cxd4 6. Nxd4 Bb4 7. Bb2 Nxe4 8.
Qd3 Qh4 9. Nxc6 bxc6 10. O-O-O Nxf2 11. Qd4 Qh6+ 12. Rd2 Nxh1 13. Qxb4 d5 14.
Ba3 Qf6 15. Nb5 Qa1# 0-1

[Event "Julian Mazur Memorial"]
[Site "Wellington Chess Club"]
[Date "2017.08.03"]
[Round "3.19"]
[White "Konakanchi, Karthik"]
[Black "Proctor, Matthew"]
[Result "1-0"]
[WhiteElo "1504"]
[BlackElo "1478"]

1. Nf3 Nc6 2. d4 Nf6 3. c4 e6 4. Bg5 h6 5. Bf4 g5 6. Be5 Nxe5 7. Nxe5 Bg7 8. g3
d6 9. Nd3 d5 10. Ne5 dxc4 11. Qa4+ Qd7 12. Nxd7 1-0

[Event "Julian Mazur Memorial"]
[Site "Wellington Chess Club"]
[Date "2017.08.03"]
[Round "3.21"]
[White "Farrington, Lawrence"]
[Black "Theodosiou, Andreas"]
[Result "1-0"]
[WhiteElo "1838"]
[BlackElo "1493"]

1. e4 e5 2. Nf3 Nc6 3. Nc3 Nf6 4. Bb5 d5 5. exd5 Nxd5 6. O-O Nxc3 7. Bxc6+ bxc6
8. bxc3 Bd6 9. Re1 Qe7 10. Nxe5 Bxe5 11. f4 Qc5+ 12. d4 Qxc3 13. Rxe5+ Be6 14.
Be3 O-O 15. Bf2 Rfe8 16. a4 f6 17. Re3 Qc4 18. Qd2 Bd7 19. a5 a6 20. Rae1 Rad8
21. Rxe8+ Bxe8 22. Re7 Bd7 23. h3 Kf8 24. Re1 Bf5 25. c3 Rd5 26. Qe3 1-0

[Event "Julian Mazur Memorial"]
[Site "Wellington Chess Club"]
[Date "2017.08.03"]
[Round "3.22"]
[White "Wevers, Alexis"]
[Black "Zhao, Aiden"]
[Result "1-0"]
[WhiteElo "1654"]
[BlackElo "1279"]

1. d4 d5 2. c4 Nf6 3. cxd5 Qxd5 4. Nc3 Qd8 5. Nf3 Nc6 6. Bf4 Bg4 7. e3 e6 8. h3
Bxf3 9. Qxf3 Nb4 10. Rc1 c6 11. Be2 Bd6 12. Bg5 Be7 13. O-O h6 14. Bxf6 Bxf6
15. Rfd1 O-O 16. a3 Nd5 17. Na4 Qa5 18. Nc5 Qc7 19. b4 Rfe8 20. b5 Be7 21. a4
Rac8 22. bxc6 bxc6 23. Rd2 Qa5 24. Rdc2 Rc7 25. Na6 Rcc8 26. Bb5 Red8 27. Rxc6
Rxc6 28. Rxc6 Bd6 29. g3 Nb4 30. Nxb4 Qxb4 31. Ra6 Rc8 32. Rxa7 Rc1+ 33. Kg2
Qe1 34. Qxf7+ 1-0

[Event "Julian Mazur Memorial"]
[Site "Wellington Chess Club"]
[Date "2017.08.03"]
[Round "3.23"]
[White "Leask, Hamish"]
[Black "Tagos, Bernardo"]
[Result "0-1"]
[WhiteElo "1570"]
[BlackElo "1427"]

1. e4 c6 2. d4 d6 3. Nf3 Bg4 4. h3 Bh5 5. Bf4 Nd7 6. Be2 Ngf6 7. Nbd2 Qc7 8.
O-O e5 9. Bh2 Be7 10. c3 O-O 11. Nc4 Nxe4 12. dxe5 Rad8 13. Qd4 Ndc5 14. b4
dxe5 15. Bxe5 Rxd4 16. Bxc7 Bxf3 17. gxf3 Nxc3 18. Rfe1 Nxe2+ 19. Rxe2 Ne6 20.
Nb2 Bxb4 21. Be5 Rh4 22. Kh2 Ng5 23. Kg3 Rxh3+ 24. Kg4 Rxf3 25. Kxg5 f6+ 26.
Bxf6 R3xf6 27. Nd3 h6+ 28. Kh5 Rf5+ 29. Kg4 Bc3 30. Rc1 h5+ 31. Kh4 Bf6+ 32.
Kg3 Bg5 33. Rd1 h4+ 34. Kg4 Bd8 35. Ne5 Rg5+ 36. Kh3 Re8 37. f4 Rg3+ 38. Kh2
Bf6 39. Rde1 Bxe5 40. fxe5 Rd3 41. Rf2 Re6 42. Re4 Rd5 43. Rxh4 Rdxe5 44. Rhf4
Re2 45. Kg3 Rxf2 46. Kxf2 Rf6 47. Kf3 Rxf4+ 48. Kxf4 Kf7 49. Kf5 b5 0-1

[Event "Julian Mazur Memorial"]
[Site "Wellington Chess Club"]
[Date "2017.08.03"]
[Round "3.24"]
[White "Del Favero, Marcus"]
[Black "Jacobsen-Grocott, Josiah"]
[Result "0-1"]
[WhiteElo "1410"]
[BlackElo "1238"]

1. d4 d5 2. c4 e6 3. Nf3 c5 4. e3 Nf6 5. Nc3 Nbd7 6. b3 Be7 7. Bd3 O-O 8. Bb2
Re8 9. O-O Bf8 10. Re1 e5 11. dxe5 Ng4 12. Nxd5 Ngxe5 13. Nxe5 Nxe5 14. Bc2 g6
15. Rc1 Bg7 16. Bxe5 Bxe5 17. Qf3 Qg5 18. h3 Be6 19. Rcd1 Rad8 20. Re2 Rd6 21.
Red2 Red8 22. Be4 f5 23. Bc2 f4 24. Be4 fxe3 25. fxe3 Rf8 26. Qe2 Bxh3 27. Rf1
Rxf1+ 28. Kxf1 Be6 29. Nc7 Rxd2 0-1

[Event "Julian Mazur Memorial"]
[Site "Wellington Chess Club"]
[Date "2017.08.07"]
[Round "3.20"]
[White "Bennett, Ezra"]
[Black "Konakanchi, Pramodh"]
[Result "1-0"]
[WhiteElo "1452"]
[BlackElo "1106"]

1. Nf3 Nf6 2. d4 d5 3. Bf4 Nc6 4. e3 Bf5 5. Bd3 Bxd3 6. Qxd3 e6 7. a3 Bd6 8.
O-O Bxf4 9. exf4 O-O 10. f5 Qd6 11. Nbd2 Rae8 12. c3 h6 13. Rae1 e5 14. Nxe5
Nxe5 15. dxe5 Rxe5 16. Rxe5 Qxe5 17. Nf3 Qe4 18. Rd1 Qxd3 19. Rxd3 c6 20. Re3
Re8 21. Rxe8+ Nxe8 22. g4 f6 23. Nd4 Nc7 24. f3 Kf7 25. Kf2 Ke7 26. Ke3 Kd6 27.
h4 Nb5 28. Ne6 Ke5 29. f4+ Kd6 30. Nxg7 a5 31. Ne8+ Kd7 32. Nxf6+ Kd6 33. g5
hxg5 34. hxg5 Ke7 35. Ng8+ Kf7 36. Nh6+ Kg7 37. f6+ Kf8 38. g6 Nd6 39. g7+ Ke8
40. f7+ Nxf7 41. g8=Q+ Ke7 42. Qxf7+ Kd6 43. Qxb7 a4 44. Qb6 Kd7 45. Kd4 Kd6
46. f5 Ke7 47. Qxc6 Kf8 48. Qc7 Ke8 49. f6 Kf8 50. Qf7# 1-0

[Event "Julian Mazur Memorial"]
[Site "Wellington Chess Club"]
[Date "2017.08.10"]
[Round "4.01"]
[White "Croad, Nicolas"]
[Black "Ker, Anthony"]
[Result "1/2-1/2"]
[WhiteElo "2393"]
[BlackElo "2489"]

1. e4 c5 2. Nf3 g6 3. d4 cxd4 4. Nxd4 Nc6 5. Nc3 Bg7 6. Be3 Nf6 7. Bc4 O-O 8.
Bb3 a5 9. O-O a4 10. Nxa4 Nxe4 11. Nb5 Ra6 12. c4 d6 13. Qe2 Nf6 14. Rad1 Na5
15. Bc2 Be6 16. b3 Nc6 17. a3 Qb8 18. h3 Ne5 19. f4 Ned7 20. Nd4 Nc5 21. Nxc5
dxc5 22. Nxe6 Rxe6 23. f5 Rc6 24. b4 cxb4 25. axb4 Qe5 26. Qd3 Nh5 27. Bd4
Qxd4+ 28. Qxd4 Bxd4+ 29. Rxd4 Ng3 30. Re1 Nxf5 31. Bxf5 gxf5 32. Rxe7 b6 33. b5
Rf6 34. Rc7 Re8 35. Kf2 Kg7 36. Rdd7 Kg6 37. Rb7 f4 38. Rdc7 Re4 39. Rc8 h5 40.
Rbc7 Rfe6 41. Rg8+ Kf6 42. Rf8 Re7 43. Rxe7 Kxe7 44. Rc8 Kd7 45. Rc6 Re6 46.
Kf3 Rxc6 47. bxc6+ Kxc6 48. Kxf4 Kc5 49. h4 f5 $1 50. Kxf5 Kxc4 51. g4 hxg4 52.
Kxg4 b5 53. h5 b4 54. h6 b3 55. h7 b2 1/2-1/2

[Event "Julian Mazur Memorial"]
[Site "Wellington Chess Club"]
[Date "2017.08.10"]
[Round "4.02"]
[White "Dive, Russell"]
[Black "Nyberg, Michael"]
[Result "1-0"]
[WhiteElo "2434"]
[BlackElo "2101"]

1. Nf3 Nf6 2. c4 c6 3. g3 d5 4. Bg2 e6 5. O-O Bd6 6. d4 dxc4 7. a4 a6 8. Nc3
Nbd7 9. e4 Bb4 10. Qe2 O-O 11. e5 Nd5 12. Qxc4 Be7 13. Ne4 N7b6 14. Qb3 a5 15.
Bg5 Nb4 16. Bxe7 Qxe7 17. Rfd1 N6d5 18. Nfd2 b6 19. f4 Ba6 20. Bf1 Bxf1 21.
Rxf1 Qa7 22. Rac1 Rac8 23. Nd6 Rc7 24. N2e4 b5 25. Nc5 bxa4 26. Qxa4 Rb8 27.
Ra1 Ne3 28. Rfc1 Ra8 29. Ra3 Nbd5 30. Rca1 Qb8 31. Rb3 Qd8 32. Rc1 h5 33. Nce4
h4 34. Kf2 Ng4+ 35. Kg2 Rb8 36. Ng5 Rb4 37. Rxb4 Nxb4 38. Qxa5 Ne3+ 39. Kf3
Nec2 40. Qc5 Qa8 41. Rxc2 Nxc2 42. Qxc2 Qa6 43. Qh7+ Kf8 44. Qh8+ 1-0

[Event "Julian Mazur Memorial"]
[Site "Wellington Chess Club"]
[Date "2017.08.10"]
[Round "4.03"]
[White "Stoeveken, Peter"]
[Black "Timergazi, Layla"]
[Result "0-1"]
[WhiteElo "1849"]
[BlackElo "2158"]

1. d4 Nf6 2. Bg5 c5 3. Nf3 d5 4. e3 Nc6 5. Be2 e6 6. Nbd2 Be7 7. c3 O-O 8. O-O
b6 9. Qc2 Bb7 10. dxc5 bxc5 11. b3 e5 12. Bb5 Qc7 13. Rad1 a6 14. Bxc6 Bxc6 15.
Qf5 Bd7 16. Qc2 Bg4 17. h3 Bh5 18. g4 Bg6 19. Qb2 Bd3 20. Rfe1 e4 21. Nh4 Nxg4
22. Bf4 Qd7 23. Bg3 Nf6 24. Kh2 Nh5 25. Ng2 Rac8 26. Rg1 Rc6 27. Nf4 Rh6 28.
Nxd5 Qxd5 (28... Qxh3+ $1 29. Kxh3 Nf4+ 30. Kg4 f5+ $1 31. Kxf4 g5+ 32. Ke5
Bd6#) 29. c4 Qf5 30. Bf4 Bf6 31. Bxh6 Bxb2 0-1

[Event "Julian Mazur Memorial"]
[Site "Wellington Chess Club"]
[Date "2017.08.10"]
[Round "4.05"]
[White "Perry, Roger"]
[Black "Mullan, Brett"]
[Result "1/2-1/2"]
[WhiteElo "2125"]
[BlackElo "1750"]

1. e4 c5 2. c3 d6 3. d4 Nf6 4. Bd3 Qc7 5. h3 g6 6. Nf3 Nbd7 7. O-O Bg7 8. Qe2
O-O 9. Be3 a6 10. a4 b6 11. Nbd2 Bb7 12. d5 Rfc8 13. c4 Re8 14. Rab1 a5 15. Nh2
Nh5 16. g4 Ndf6 17. f4 e5 18. f5 h6 19. fxg6 fxg6 20. Rf2 Nh7 21. Ndf1 Rf8 22.
Nf3 Rf7 23. Ng3 Raf8 24. Rbf1 Qd8 25. Qd2 g5 26. Nf5 N5f6 27. Rg2 Bc8 28. h4
Bxf5 29. gxf5 g4 30. Ne1 h5 31. Nc2 Kh8 32. Na3 Ng8 33. Rh2 Bf6 34. Bf2 Bg7 35.
Be3 Bf6 36. Bh6 Bg7 37. Bg5 Bf6 38. Nb5 Rd7 39. Nc3 Qe8 40. Ne2 Qf7 41. Ng3 Bg7
42. Be3 Ngf6 43. Bg5 Rg8 44. Be3 Bf8 45. Qd1 Bg7 46. Qb3 Rb7 47. Qb5 Qd7 48.
Qb3 {Draw offer by White 1/2-1/2 } 1/2-1/2

[Event "Julian Mazur Memorial"]
[Site "Wellington Chess Club"]
[Date "2017.08.10"]
[Round "4.06"]
[White "Benitez, Edgar"]
[Black "Stone, Andrew"]
[Result "0-1"]
[WhiteElo "1850"]
[BlackElo "2113"]

1. d4 Nf6 2. c4 g6 3. Nf3 Bg7 4. g3 O-O 5. Bg2 d5 6. cxd5 Nxd5 7. O-O Nc6 8. e3
Nb6 9. Nc3 e5 10. d5 Na5 11. e4 c6 12. dxc6 Nxc6 13. Be3 Bg4 14. h3 Bxf3 15.
Bxf3 Nd4 16. Bg2 Nc4 17. Bc1 Qa5 18. Nd5 Rfd8 19. b4 Qb5 20. Nc7 Qxb4 21. Nxa8
Rxa8 22. Bg5 b5 23. Be3 Rb8 24. Re1 Qb2 25. Qb1 Nc2 26. Re2 Qxa1 27. Qxa1 Nxa1
28. Bxa7 Rd8 29. Re1 Nc2 30. Rb1 N2a3 31. Rb3 Rd2 32. Bc5 Bf8 33. Bxf8 Kxf8 34.
Bf1 Rd1 35. Rd3 Rxd3 36. Bxd3 Ke7 37. f4 f6 38. Kf2 Kd6 39. h4 Nb2 40. Be2 Nac4
41. h5 Na4 42. hxg6 hxg6 43. Bd3 Nc3 44. a4 Nxa4 45. Bc2 Nc3 46. Kf3 Kc5 47. g4
g5 48. fxg5 fxg5 49. Bd3 Kd4 50. Bc2 Nd2+ 51. Kg3 b4 0-1

[Event "Julian Mazur Memorial"]
[Site "Wellington Chess Club"]
[Date "2017.08.10"]
[Round "4.07"]
[White "Forster, Bill"]
[Black "Chen, Wei Kai"]
[Result "1/2-1/2"]
[WhiteElo "2093"]
[BlackElo "1813"]

1. d4 Nf6 2. c4 g6 3. Nc3 Bg7 4. e4 d6 5. Be2 O-O 6. g4 e5 7. d5 Ne8 8. Be3 f5
9. h4 f4 10. Bd2 h6 11. b4 Na6 12. Qb3 Nf6 13. f3 Qd7 14. O-O-O c6 15. Nh3 cxd5
16. exd5 b6 17. Bd3 Qf7 18. Qb1 e4 19. Nxe4 Nxe4 20. Bxe4 Qc7 21. Qc2 h5 22.
gxh5 Bf5 23. Nxf4 Bxe4 24. Qxe4 Rae8 25. Ne6 Rxf3 26. Qxf3 Qxc4+ 27. Kb1 Nxb4
28. Bxb4 Qxb4+ 29. Qb3 Qe4+ 30. Qc2 Qb4+ 31. Qb3 Qe4+ 1/2-1/2

[Event "Julian Mazur Memorial"]
[Site "Wellington Chess Club"]
[Date "2017.08.10"]
[Round "4.08"]
[White "Stracy, Don"]
[Black "Sellen, Ian"]
[Result "0-1"]
[WhiteElo "1731"]
[BlackElo "2056"]

1. e4 e6 2. d4 d5 3. Nd2 Nf6 4. e5 Nfd7 5. f4 c5 6. c3 Nc6 7. Ndf3 Qa5 {Don
always plays the same line of the Tarrasch against the French. I did about 10
minutes preparation before the game, finding this move in the database which I
thought would be quite interesting} 8. Kf2 {This looked weird to me, although
Don assured me afterwards that it is a standard plan} 8... Qb6 9. g3 Be7 10. b3
f6 11. Kg2 O-O 12. Be3 $6 {White clearly misses the threat to e5} 12... cxd4
13. cxd4 $2 {losing a pawn}  (13. Bxd4 {was better} ) 13... fxe5 14. fxe5 Ndxe5
15. Nxe5 Nxe5 16. Be2 ( {I was expecting} 16. Qh5 Rf5 $6 17. Qe8+ Bf8 { but Rf5
is the wrong move} )  (16. Qh5 Nc4 $1 {Not being a computer, I missed this} 17.
Bxc4 (17. bxc4 Qb2+) 17... dxc4 18. Nf3 cxb3)  ( {Another line is} 16. Qh5 Bd7
$1 17. Qxe5 $2 Rf5 {trapping the queen} ) 16... Bd7 17. Nf3 Ng4 18. Bg1 Rac8
19. Ne5 Nxe5 20. dxe5 Qc7 21. Bd4 Bc5 22. Rc1 Qb6 ( {Much better is} 22... Qa5
{The move played just gets out of one pin to land in another} ) 23. Rxc5 $1 {Of
course} 23... Rxc5 24. Qd3 $2 (24. Rf1 Rxf1 25. Qxf1 Qc6 {Better for Black, but
not so much} ) 24... Qc7 25. Bxc5 Qxc5 26. Bf3 Bb5 27. Qd2 Bc6 28. Re1 Qe7 29.
b4 a6 30. a3 Qf7 31. Qe2 Bb5 32. Qd1 Bc4 33. Re3 Qf5 34. Qe1 $2 d4 {White is
losing more material} 35. Be4 Qf1+ 36. Qxf1 Bxf1+ 0-1

[Event "Julian Mazur Memorial"]
[Site "Wellington Chess Club"]
[Date "2017.08.10"]
[Round "4.09"]
[White "Asher, Bruce"]
[Black "Rossiter, Philip"]
[Result "0-1"]
[WhiteElo "1258"]
[BlackElo "1978"]

1. d4 Nf6 2. c4 e6 3. Nc3 Bb4 4. Bd2 d5 5. Nf3 Nbd7 6. e3 O-O 7. Bd3 b6 8. Qc2
Bb7 9. Ng5 g6 10. a3 Be7 11. O-O-O c5 12. e4 cxd4 13. Nb5 dxc4 14. Bxc4 Ne5 15.
Bb3 Rc8 16. Bc3 dxc3 17. Rxd8 cxb2+ 18. Kxb2 Rxc2+ 19. Kxc2 Rxd8 20. Re1 a6 21.
Nc3 Bxa3 22. Nb1 Bb4 23. Re2 h6 24. f4 hxg5 25. fxe5 Nxe4 26. Kc1 Nc3 27. Nxc3
Bxc3 28. g3 Bd5 29. Kc2 Rc8 30. Re3 Bd4+ 31. Kd3 Bxe3 32. Bxd5 exd5 33. Kxe3 a5
0-1